|
|
|
|
| LEADER |
01977nam a2200577 a 4500 |
| 001 |
nkc20132462102 |
| 003 |
CZ PrNK |
| 005 |
20130715160837.0 |
| 007 |
ta |
| 008 |
130503s2013 xr a e f 000 0 cze |
| 015 |
|
|
|a cnb002462102
|
| 020 |
|
|
|a 978-80-247-4396-7
|q (brož.)
|
| 035 |
|
|
|a (OCoLC)855464464
|
| 040 |
|
|
|a OLA001
|b cze
|d ABA001
|
| 072 |
|
7 |
|a 74
|x Kresba. Umělecká řemesla
|2 Konspekt
|9 21
|
| 080 |
|
|
|a 745
|2 MRF
|
| 080 |
|
|
|a 7.04
|2 MRF
|
| 080 |
|
|
|a 82-34
|2 MRF
|
| 080 |
|
|
|a 159.954
|2 MRF
|
| 080 |
|
|
|a 316.346.32-053.4
|2 MRF
|
| 080 |
|
|
|a 316.346.32-053.5
|2 MRF
|
| 080 |
|
|
|a (0:82-34)
|2 MRF
|
| 080 |
|
|
|a (035)
|2 MRF
|
| 100 |
1 |
|
|a Banszel Freyová, Lena,
|d 1963-
|7 xx0039528
|4 aut
|
| 245 |
1 |
0 |
|a Tvoření s pohádkou /
|c Lena Freyová ; [fotografie ... Pavel Šťastný ; ilustrace ... Kateřina Čupová]
|
| 250 |
|
|
|a 1. vyd.
|
| 260 |
|
|
|a Praha :
|b Grada,
|c 2013
|
| 300 |
|
|
|a 79 s. :
|b barev. il. ;
|c 24 cm
|
| 650 |
0 |
7 |
|a výtvarné práce
|7 ph127466
|2 czenas
|
| 650 |
0 |
7 |
|a umělecké náměty
|7 ph138227
|2 czenas
|
| 650 |
0 |
7 |
|a pohádky
|7 ph124208
|2 czenas
|
| 650 |
0 |
7 |
|a kreativita
|7 ph121937
|2 czenas
|
| 650 |
0 |
7 |
|a děti předškolního věku
|7 ph119710
|2 czenas
|
| 650 |
0 |
7 |
|a děti školního věku
|7 ph119714
|2 czenas
|
| 650 |
0 |
9 |
|a handicraft
|2 eczenas
|
| 650 |
0 |
9 |
|a artistic themes
|2 eczenas
|
| 650 |
0 |
9 |
|a fairy tales
|2 eczenas
|
| 650 |
0 |
9 |
|a creative ability
|2 eczenas
|
| 650 |
0 |
9 |
|a preschool children
|2 eczenas
|
| 650 |
0 |
9 |
|a school children
|2 eczenas
|
| 655 |
|
7 |
|a pohádky
|7 fd133054
|2 czenas
|
| 655 |
|
7 |
|a příručky
|7 fd133209
|2 czenas
|
| 655 |
|
9 |
|a fairy tales
|2 eczenas
|
| 655 |
|
9 |
|a handbooks and manuals
|2 eczenas
|
| 700 |
1 |
|
|a Šťastný, Pavel,
|d 1965-
|7 jo2003193243
|4 pht
|
| 700 |
1 |
|
|a Čupová, Kateřina,
|d 1992-
|7 xx0171609
|4 ill
|
| 910 |
2 |
|
|a BOA001
|b 2-1305.984
|
| 990 |
|
|
|a BK
|
| 995 |
|
|
|a 01
|
| 991 |
|
|
|b 201307
|c NOV
|e n
|
| 996 |
6 |
|
|b 2610554077
|c 2-1305.984
|l MZK
|r Sklad / do 1 hodiny
|n 5
|p p.v.
|w 001340241
|u 000010
|a 1
|e BOA001
|j MZK50
|s P
|